Vista normal
Vista MARC
Entrada Nombre Personal
Número de registros utilizados en: 1
001 - Número de Control
- control field: 44023
003 - Identificador de Número de Control
- control field: EC-QuCCB
005 - Fecha y Hora de la última transacción
- Campo de Control: 20251024155044.0
008 - Elementos de Datos de Longitud Fija
- fixed length control field: 251024|| aca||aabn | a|a d
040 ## - Origen de la Catalagación
- Agencia catalogadora original: EC-QuCCB
- Idioma de la catalogación: spa
100 1# - Asiento Principal--Nombre Personal
- Nombre personal :: Álvarez Orgaz, María Rosa,
400 1# - Trazado Véase Desde -- Nombre Personal
- Nombre Personal: Álvarez, María Rosa,
400 1# - Trazado Véase Desde -- Nombre Personal
- Nombre Personal: Orgaz, María Rosa Álvarez,
670 ## - Fuente de la Información Encontrada
- Fuente citada :: En el cruce de caminos : identidad, cosmología y chamanismo tsachila, 2012:
- Informacion encontrada :: Portada (María Rosa Álvarez Orgaz, traductora)
670 ## - Fuente de la Información Encontrada
- Fuente citada :: VIAF
- Informacion encontrada :: Álvarez Orgaz, María Rosa
- Informacion encontrada :: Álvarez, María Rosa,
- Informacion encontrada :: Orgaz, María Rosa Álvarez,
- Identificador Uniforme de Recursos :: https://viaf.org/es/viaf/292014889























